00703nam a2200241 a 4500001001300000003000900013005001700022008004100039020002300080082001700103100001600120245003700136260005000173300000800223500003500231505001300266650001800279700001600297902000800313942000700321952011800328999001500446nice12345678IN_TiNIC20260116012326.0050524s1981 sina grp 000 0 eng  a9971832 c10000a270.82bTHO1 aThomas, T K aEcumenical Communication in Asia aSingaporebChristian Conference of Asiac1981 a71p aincludes index and biblioraphy2 aAppendix aEcumenicalism1 aThomas, T K bSRS cBK 001040708StackRoom-aHMIbHMId2007-07-18g100.00l0o270.82 THO1p012640r2007-07-18v100.00w2005-05-24yBK c6568d6568